000 00304nam a22001217a 4500
008 160429b xxu||||| |||| 00| 0 eng d
020 _a9780801660658
020 _a0801660653
041 _aeng
080 _a618.2
245 _aNursing in the community:
_cBonnie Bullough; Vern Bullough;
942 _2udc
_cBK
999 _c1693
_d1693